000 00481nam a2200181Ia 4500
001 22555
005 20260414150839.0
008 260414t2012||||xx |||||||||||||| ||spa||
041 _aESP
082 _a621.382
_bM26
100 _aMartín Castillo, Juan Carlos
_eAUT
245 0 _aInfraestructuras comunes de telecomunicación en viviendas y edificios
_b
260 _c2012
300 _a262 páginas :
_c27 cm.
650 _aTCA
654 _aCET
942 _cLIB
_dJUS
_fJUS
_2ddc
_n
999 _c22555
_d22555